000 00576nam a2200193Ia 4500
003 OSt
005 20260417105649.0
008 210210b1971 xxu||||| |||| 00| 0 eng d
040 _cAL
041 _aKannada
082 _a301K CHAS
100 _aCHANNABASAVAYYA (H) and Others.
_dಚನ್ನಬಸವಯ್ಯ (ಹೆಚ್) ಮತ್ತು ಇತರರು
_9261998
245 _aSamajashastra.
_bಸಮಾಜಶಾಸ್ತ್ರ.
260 _aBengaluru
_bVishvavidyalaya
_c1971
300 _avi,304
690 _aSociology
_9261999
906 _a037114
942 _2ddc
_cBK
999 _c87098
_d87098